[Event "GER-chT U10"]
[Site "Magdeburg"]
[Date "2018.12.29"]
[Round "7.4"]
[White "Guesmer, Aaron Raphael"]
[Black "Dimitriu, Filip"]
[Result "0-1"]
[WhiteElo "1051"]
[BlackElo "600"]
[PlyCount "36"]
[EventDate "2018.12.27"]
[EventType "team-swiss"]
[EventRounds "7"]
[EventCountry "GER"]
[SourceTitle "CBM 188 Extra"]
[Source "ChessBase"]
[SourceDate "2019.02.26"]
[SourceVersion "1"]
[SourceVersionDate "2019.02.26"]
[SourceQuality "1"]
[WhiteTeam "Luebeck"]
[BlackTeam "Duesseldorf SV"]
[WhiteTeamCountry "GER"]
[BlackTeamCountry "GER"]

1. e4 c5 2. Nf3 d6 3. Nc3 Nf6 4. Bc4 e6 5. 0-0 Be7 6. d3 0-0 7. Re1 Nc6 8. e5 dxe5 9. Nxe5 Nxe5 10. Rxe5 Qc7 11. Re1 a6 12. a4 Bd6 13. g3 b6 14. Bg5 Be7 15. Bf4 Qc6 16. d4 Rd8 17. Be3 Bb7 18. Bf1 Qh1# 0-1